[Event "BL 9394 Dortmund-Castrop Rauxel"]
[Site "?"]
[Date "1994.??.??"]
[Round "?.7"]
[White "Hermesmann, H."]
[Black "Straeter, T."]
[Result "1-0"]
[WhiteElo "2295"]
[BlackElo "2365"]
[PlyCount "97"]
[EventDate "1994.??.??"]

1. d4 d5 2. c4 e6 3. Nc3 Nf6 4. Bg5 Be7 5. e3 O-O 6. Nf3 Nbd7 7. cxd5 exd5 8.
Bd3 Re8 9. Qc2 c6 10. O-O Nf8 11. h3 Ne4 12. Bf4 f5 13. Ne5 Ng6 14. Nxg6 hxg6
15. Rae1 Bd6 16. Ne2 g5 17. Bxd6 Nxd6 18. Ng3 Qf6 19. f4 g6 20. Qc5 Nf7 21. b4
a6 22. a4 Nh6 23. fxg5 Qxg5 24. Rf3 Nf7 25. Qc2 Bd7 26. Qf2 Nd6 27. Ne2 Re7 28.
Nf4 Rg7 29. b5 axb5 30. axb5 Qh6 31. h4 Ne4 32. Bxe4 dxe4 33. Rg3 cxb5 34. Rc1
Kh7 35. Nd5 Ra6 36. Nb4 Rf6 37. Nd5 Rff7 38. Nf4 Kg8 39. d5 Qxh4 40. Ne6 f4 41.
exf4 Bxe6 42. dxe6 Rf8 43. Qa2 Re7 44. Rxg6+ Kh7 45. g3 Qh3 46. Rg5 Rf6 47. Qa8
Qxe6 48. Rc8 Kh6 49. Rc2 1-0

[Event "BL 9394 Dortmund-Castrop Rauxel"]
[Site "?"]
[Date "1994.??.??"]
[Round "?.8"]
[White "Gabler, B."]
[Black "Hennig, D."]
[Result "0-1"]
[WhiteElo "2315"]
[BlackElo "2330"]
[PlyCount "52"]
[EventDate "1994.??.??"]

1. Nf3 d6 2. c4 Nf6 3. Nc3 Bg4 4. e4 c6 5. Be2 e6 6. O-O Be7 7. d4 O-O 8. Re1
d5 9. e5 Nfd7 10. cxd5 cxd5 11. h3 Bh5 12. Be3 Nc6 13. Nh2 Bg6 14. f4 Nb6 15.
Rf1 Nb4 16. Rc1 Nc4 17. Bxc4 dxc4 18. d5 Qd7 19. d6 Bd8 20. Na4 b5 21. Qf3 Nd5
22. Nc5 Qc6 23. Bf2 Bb6 24. Nb3 f6 25. Qg4 Ne3 26. Qxe6+ Bf7 0-1

[Event "BL 9394 Solingen-Bochum"]
[Site "?"]
[Date "1994.??.??"]
[Round "?.1"]
[White "Dokhoian, Y."]
[Black "Chandler, M."]
[Result "1-0"]
[WhiteElo "2570"]
[BlackElo "2565"]
[PlyCount "103"]
[EventDate "1994.??.??"]

1. d4 Nf6 2. c4 e6 3. Nf3 Bb4+ 4. Bd2 c5 5. Bxb4 cxb4 6. g3 O-O 7. Bg2 d6 8.
O-O Re8 9. Qd3 Bd7 10. Ne1 Nc6 11. Nc2 Qc7 12. Nd2 a5 13. Rac1 Rac8 14. Ne3 b6
15. Ne4 Nxe4 16. Bxe4 h6 17. d5 Ne7 18. dxe6 Bxe6 19. Rc2 Red8 20. Rd1 Qb8 21.
b3 Rc5 22. Bg2 Qc8 23. h4 Qb8 24. Kh2 Qc8 25. Rcd2 Qb8 26. Qd4 Rcc8 27. Qf4 b5
28. cxb5 Ng6 29. Qe4 Qxb5 30. Rxd6 Rxd6 31. Rxd6 Nf8 32. Nd5 Bxd5 33. Rxd5 Qb6
34. e3 Qc7 35. Qf5 Ne6 36. Rxa5 g6 37. Qd5 Qc2 38. Ra8 Rxa8 39. Qxa8+ Kg7 40.
Kg1 Qb1+ 41. Bf1 g5 42. hxg5 Nxg5 43. Qd5 Qa1 44. Kg2 Qxa2 45. Qd4+ Kg8 46. Bc4
Qc2 47. Qd8+ Kg7 48. Qd4+ Kg8 49. Qd3 Qa2 50. Qg6+ Kh8 51. Qxh6+ Nh7 52. Bd3
1-0

[Event "BL 9394 Solingen-Bochum"]
[Site "?"]
[Date "1994.??.??"]
[Round "?.2"]
[White "Norwood, D."]
[Black "Glek, I."]
[Result "1/2-1/2"]
[WhiteElo "2525"]
[BlackElo "2590"]
[PlyCount "112"]
[EventDate "1994.??.??"]

1. g3 g6 2. Bg2 Bg7 3. d4 c5 4. c3 cxd4 5. cxd4 d5 6. Nc3 Nf6 7. Bg5 Nc6 8.
Bxf6 Bxf6 9. e3 e6 10. h4 O-O 11. f4 Na5 12. Nf3 Nc4 13. Qe2 Qb6 14. Rb1 Bd7
15. Ne5 Nxe5 16. fxe5 Bg7 17. h5 Rac8 18. O-O Bh6 19. Qd3 Qa6 20. Qd2 Bg5 21.
Rf3 f6 22. hxg6 hxg6 23. exf6 Rxf6 24. Rxf6 Bxf6 25. Rf1 Rf8 26. Ne2 Bb5 27.
Nf4 Bxf1 28. Bxf1 Qd6 29. Qc2 Bg7 30. Qxg6 Rf6 31. Qg4 e5 32. Nh5 Rg6 33. Qc8+
Bf8 34. Bg2 exd4 35. exd4 Rg5 36. Qh3 Qh6 37. Bf3 Qg6 38. Kh2 Qc2+ 39. Bg2 Qg6
40. Nf4 Qh6 41. Bxd5+ Kh8 42. Bxb7 Qxh3+ 43. Kxh3 Rb5 44. Bc6 Rxb2 45. Ng6+ Kg7
46. Nxf8 Kxf8 47. a4 Ke7 48. d5 Rb4 49. Kg2 Kd6 50. Kh3 Ke5 51. Kg2 Kf5 52.
Bd7+ Ke4 53. Bc6 Rb2+ 54. Kh3 Kf5 55. Bd7+ Kg5 56. Bb5 Rd2 1/2-1/2

[Event "BL 9394 Solingen-Bochum"]
[Site "?"]
[Date "1994.??.??"]
[Round "?.3"]
[White "Schulz, KJ."]
[Black "Podzielny, KH."]
[Result "1/2-1/2"]
[WhiteElo "2420"]
[BlackElo "2470"]
[PlyCount "93"]
[EventDate "1994.??.??"]

1. e4 c5 2. Nf3 e6 3. c3 Nc6 4. d4 d5 5. e5 Nh6 6. a3 a5 7. h3 Nf5 8. g4 Nh4 9.
Nxh4 Qxh4 10. Be3 Qd8 11. Nd2 Bd7 12. Nf3 Qb6 13. Rb1 h5 14. Rg1 hxg4 15. hxg4
cxd4 16. cxd4 a4 17. Bd3 Na5 18. Nd2 Bb5 19. Qe2 Bxd3 20. Qxd3 Be7 21. Ke2 Qa6
22. Rbc1 Kd7 23. Rc2 Qxd3+ 24. Kxd3 b5 25. Nb1 Nc4 26. Nc3 Kc6 27. Ne2 Kb6 28.
Rg3 Rh1 29. Rg1 Rah8 30. Rxh1 Rxh1 31. Nf4 Rb1 32. Bc1 Bg5 33. Nxd5+ exd5 34.
Bxg5 Nxb2+ 35. Ke2 b4 36. Bd8+ Kb7 37. Rc7+ Kb8 38. Rxf7 bxa3 39. e6 a2 40.
Bc7+ Kb7 41. Be5+ Ka6 42. e7 a1=Q 43. e8=Q Re1+ 44. Kf3 Qd1+ 45. Kg3 Rg1+ 46.
Kh2 Rh1+ 47. Kg3 1/2-1/2

[Event "BL 9394 Solingen-Bochum"]
[Site "?"]
[Date "1994.??.??"]
[Round "?.4"]
[White "Zysk, R."]
[Black "Backwinkel, P."]
[Result "1-0"]
[WhiteElo "2440"]
[BlackElo "2410"]
[PlyCount "101"]
[EventDate "1994.??.??"]

1. d4 e6 2. c4 f5 3. g3 Nf6 4. Bg2 Be7 5. Nf3 O-O 6. O-O c6 7. b3 a5 8. Nc3 Ne4
9. Bb2 d5 10. e3 Bd7 11. Nxe4 fxe4 12. Ne5 Na6 13. Qg4 Bd6 14. Nxd7 Qxd7 15. f3
exf3 16. Bxf3 Rf7 17. e4 Nc7 18. Rae1 a4 19. c5 Bf8 20. Bd1 a3 21. Bc1 Nb5 22.
e5 b6 23. b4 bxc5 24. bxc5 Rxf1+ 25. Rxf1 Be7 26. Bh6 Bf8 27. Bd2 Be7 28. Bc2
Rf8 29. Rxf8+ Bxf8 30. Bd3 Nc7 31. Ba5 Ne8 32. Qd1 g6 33. Qb3 Bh6 34. Be2 Bc1
35. Bc3 Ng7 36. Be1 Nf5 37. Bf2 Bb2 38. Qb4 h5 39. h3 Qd8 40. Qd2 Kg7 41. g4
hxg4 42. hxg4 Nh6 43. Kg2 Nf7 44. Be3 Qa8 45. Qb4 Qa7 46. g5 Qa8 47. Bg4 Qa6
48. Qd2 Nd8 49. Qf2 Qc8 50. Qf6+ Kh7 51. Bh5 1-0

[Event "BL 9394 Solingen-Bochum"]
[Site "?"]
[Date "1994.??.??"]
[Round "?.5"]
[White "Jackelen, T."]
[Black "Reeh, O."]
[Result "0-1"]
[WhiteElo "2425"]
[BlackElo "2430"]
[PlyCount "122"]
[EventDate "1994.??.??"]

1. Nf3 c5 2. c4 g6 3. e4 Bg7 4. d4 Qa5+ 5. Nc3 Nc6 6. d5 Nd4 7. Bd2 Nxf3+ 8.
Qxf3 d6 9. Bd3 Nf6 10. Qe2 O-O 11. O-O e5 12. dxe6 Bxe6 13. f4 Qd8 14. Kh1 Bg4
15. Qf2 Bd7 16. Rae1 Bc6 17. Nd5 Nd7 18. Bc3 Bxc3 19. Nxc3 a6 20. a3 Qf6 21.
Qg3 Rae8 22. h3 Qg7 23. Qh4 h6 24. Qf2 Re7 25. e5 dxe5 26. f5 gxf5 27. Bxf5 Nf6
28. Re3 Nh5 29. Nd5 Bxd5 30. cxd5 Rd8 31. Be4 Rd6 32. Rf3 f5 33. Bxf5 e4 34.
Bxe4 Rxe4 35. Rf8+ Kh7 36. Rf7 Rf6 37. Rxg7+ Kxg7 38. Qxc5 Rxf1+ 39. Kh2 Rf7
40. d6 Nf6 41. Qc3 Rd7 42. Qb3 h5 43. Kg1 Rd4 44. Qg3+ Kf7 45. Qb3+ Kf8 46. Kh2
R4xd6 47. Qe3 Kf7 48. Qe5 Rd2 49. Qc3 R2d3 50. Qc4+ Kg6 51. Qc2 Kg7 52. Qc4
R3d4 53. Qc3 h4 54. Qb3 Re4 55. Qc3 Re2 56. Qb4 Re4 57. Qc3 Rd1 58. Qc5 Kg6 59.
Qc2 Rf1 60. Qd3 Rc1 61. a4 a5 0-1

[Event "BL 9394 Solingen-Bochum"]
[Site "?"]
[Date "1994.??.??"]
[Round "?.6"]
[White "Schaefer, Ma"]
[Black "Luecke, N."]
[Result "1/2-1/2"]
[WhiteElo "2460"]
[BlackElo "2410"]
[PlyCount "54"]
[EventDate "1994.??.??"]

1. e4 e6 2. d4 d5 3. Nd2 dxe4 4. Nxe4 Nd7 5. g3 Ngf6 6. Nxf6+ Nxf6 7. Bg2 c5 8.
Ne2 Be7 9. O-O O-O 10. c4 cxd4 11. Qxd4 Qa5 12. Bd2 Qa6 13. Bc3 Bd7 14. b3 Bc6
15. Bxc6 Qxc6 16. Rad1 Rfd8 17. Qf4 h6 18. Nd4 Qe4 19. Qxe4 Nxe4 20. Ba5 Rdc8
21. Rfe1 Nc5 22. Nb5 Kf8 23. Bb4 Rd8 24. Kf1 Nd3 25. Bxe7+ Kxe7 26. Re2 a6 27.
Nc3 Nb4 1/2-1/2

[Event "BL 9394 Solingen-Bochum"]
[Site "?"]
[Date "1994.??.??"]
[Round "?.7"]
[White "Sonntag, HH."]
[Black "Thesing, M."]
[Result "1/2-1/2"]
[WhiteElo "2405"]
[BlackElo "2375"]
[PlyCount "31"]
[EventDate "1994.??.??"]

1. d4 Nf6 2. c4 c6 3. Nc3 d5 4. cxd5 cxd5 5. Bf4 Nc6 6. e3 a6 7. Bd3 Bg4 8.
Nge2 e6 9. a3 Bd6 10. f3 Bh5 11. O-O Bg6 12. b4 O-O 13. Qd2 Bxd3 14. Qxd3 Bxf4
15. Nxf4 Qd6 16. Rfd1 1/2-1/2

[Event "BL 9394 Solingen-Bochum"]
[Site "?"]
[Date "1994.??.??"]
[Round "?.8"]
[White "Schmidt, B."]
[Black "Kassebaum, R."]
[Result "1/2-1/2"]
[WhiteElo "2340"]
[BlackElo "2355"]
[PlyCount "41"]
[EventDate "1994.??.??"]

1. d4 Nf6 2. c4 g6 3. Nc3 Bg7 4. e4 d6 5. Bd3 O-O 6. Nge2 c5 7. d5 e6 8. h3
exd5 9. exd5 Nbd7 10. f4 Nh5 11. g4 Bxc3+ 12. bxc3 Qh4+ 13. Kd2 Ng7 14. Kc2 Nb6
15. Qe1 Qxe1 16. Rxe1 f5 17. Rg1 Bd7 18. Bd2 Na4 19. Rab1 Rab8 20. Ng3 Kf7 21.
Nf1 1/2-1/2

[Event "BL 9394 Castrop Rauxel-Solingen"]
[Site "?"]
[Date "1994.??.??"]
[Round "?.1"]
[White "Chandler, M."]
[Black "Watson, W."]
[Result "0-1"]
[WhiteElo "2565"]
[BlackElo "2525"]
[PlyCount "76"]
[EventDate "1994.??.??"]

1. e4 c5 2. Nf3 d6 3. d4 cxd4 4. Qxd4 Nc6 5. Bb5 Bd7 6. Bxc6 Bxc6 7. c4 Nf6 8.
Nc3 e6 9. O-O Be7 10. b3 O-O 11. Bb2 a6 12. Qd3 Qa5 13. Nd4 Bd7 14. a4 Rfd8 15.
Kh1 Qb6 16. Rab1 Bc6 17. Ba1 Nd7 18. Nc2 Nc5 19. Qg3 Bf8 20. Rfe1 d5 21. a5 Qa7
22. exd5 exd5 23. b4 Ne6 24. cxd5 Bxd5 25. Ne3 Bc6 26. Nf5 Rd7 27. Ne4 Bxe4 28.
Rxe4 Rad8 29. Rbe1 Qb8 30. Be5 Qc8 31. Bf6 Qc2 32. f3 Rc8 33. Qg4 Qd2 34. h3
Rc1 35. Rxc1 Qxc1+ 36. Kh2 Qc7+ 37. Be5 Qc6 38. h4 Qd5 {Zeit} 0-1

[Event "BL 9394 Castrop Rauxel-Solingen"]
[Site "?"]
[Date "1994.??.??"]
[Round "?.3"]
[White "Podzielny, KH."]
[Black "Appel, R."]
[Result "1-0"]
[WhiteElo "2470"]
[BlackElo "2430"]
[PlyCount "75"]
[EventDate "1994.??.??"]

1. d4 Nf6 2. Nf3 e6 3. c4 Bb4+ 4. Bd2 Qe7 5. g3 Nc6 6. Bg2 Bxd2+ 7. Nbxd2 a5 8.
O-O d6 9. e4 e5 10. d5 Nb8 11. c5 O-O 12. cxd6 cxd6 13. Rc1 Nbd7 14. Rc7 Ne8
15. Rc3 Nc5 16. Qe2 b6 17. Rfc1 Ba6 18. Qe3 Nc7 19. Bh3 Nb5 20. R3c2 Qf6 21.
Rc4 Nd4 22. Rxd4 exd4 23. Nxd4 Rfe8 24. b3 Nd3 25. Rc6 Nb4 26. Qc3 Nxc6 27.
dxc6 Qe5 28. Bd7 Re7 29. Kg2 Bc8 30. Nc4 Qc5 31. Nf5 Re5 32. Nfxd6 Bxd7 33.
cxd7 Re6 34. Nf5 f6 35. Qf3 Rd8 36. Qg4 Rxd7 37. Nh6+ Kf8 38. Qxe6 1-0

[Event "BL 9394 Castrop Rauxel-Solingen"]
[Site "?"]
[Date "1994.??.??"]
[Round "?.4"]
[White "Hoffmann, M."]
[Black "Zysk, R."]
[Result "1-0"]
[WhiteElo "2470"]
[BlackElo "2440"]
[PlyCount "81"]
[EventDate "1994.??.??"]

1. e4 e6 2. d4 d5 3. Nd2 c5 4. Ngf3 Nf6 5. exd5 exd5 6. Bb5+ Bd7 7. Bxd7+ Nbxd7
8. O-O Be7 9. dxc5 Nxc5 10. Re1 O-O 11. Nf1 Re8 12. Be3 Qd7 13. c3 Rad8 14. Re2
Nfe4 15. Nd4 Bf6 16. Qc2 b6 17. Rae1 Ne6 18. Qd1 Nd6 19. Nxe6 fxe6 20. Bd4 Qf7
21. Bxf6 Qxf6 22. Ne3 Qf7 23. Ng4 Ne4 24. f3 Nf6 25. Qd4 Nxg4 26. Qxg4 Rd6 27.
h3 Rc6 28. Qd4 h6 29. Re5 Rd8 30. R1e2 Rdd6 31. Qe3 Qf6 32. f4 Kh7 33. g3 Qg6
34. Kg2 Qf6 35. h4 Kg8 36. Qd3 Qf7 37. f5 Kf8 38. fxe6 Rxe6 39. Qxd5 Rxe5 40.
Qxe5 Rc8 41. Rf2 1-0

[Event "BL 9394 Castrop Rauxel-Solingen"]
[Site "?"]
[Date "1994.??.??"]
[Round "?.5"]
[White "Reeh, O."]
[Black "Sehner, N."]
[Result "1/2-1/2"]
[WhiteElo "2430"]
[BlackElo "2415"]
[PlyCount "28"]
[EventDate "1994.??.??"]

1. d4 d5 2. c4 e6 3. Nf3 c6 4. e3 Nf6 5. Nbd2 Nbd7 6. Bd3 Bd6 7. O-O O-O 8. e4
e5 9. cxd5 cxd5 10. exd5 exd4 11. Ne4 Nxe4 12. Bxe4 Bc5 13. Bg5 Qb6 14. Rb1 a5
1/2-1/2

[Event "BL 9394 Castrop Rauxel-Solingen"]
[Site "?"]
[Date "1994.??.??"]
[Round "?.6"]
[White "Libeau, R."]
[Black "Schaefer, Ma"]
[Result "1/2-1/2"]
[WhiteElo "2445"]
[BlackElo "2460"]
[PlyCount "101"]
[EventDate "1994.??.??"]

1. Nf3 Nf6 2. c4 g6 3. Nc3 Bg7 4. e4 d6 5. d4 O-O 6. Be2 Na6 7. O-O e5 8. Be3
Ng4 9. Bg5 Qe8 10. h3 h6 11. Bc1 Nf6 12. dxe5 dxe5 13. Be3 Nd7 14. a3 Ndc5 15.
b4 Ne6 16. c5 c6 17. Qd6 Bd7 18. Bxa6 bxa6 19. Nxe5 Rd8 20. Rad1 Bc8 21. Qb8
Rxd1 22. Rxd1 Ng5 23. f4 Qe6 24. Qd6 Qb3 25. Rd3 Ne6 26. Nd1 Qc2 27. Nxc6 Bb7
28. Ne7+ Kh7 29. c6 Ba8 30. Rd2 Qxe4 31. Qd3 Bxc6 32. Nxc6 Qxc6 33. Qd5 Qa4 34.
Qa5 Qc6 35. Qd5 Qa4 36. Qa5 Qc6 37. f5 gxf5 38. Qxf5+ Kg8 39. Nf2 Qc1+ 40. Kh2
Qc7+ 41. g3 Rd8 42. Rxd8+ Qxd8 43. Ng4 h5 44. Qxh5 Qd3 45. Nh6+ Bxh6 46. Bxh6
Qxa3 47. Qg4+ Kh7 48. Bg5 Qb2+ 49. Kh1 Qf2 50. Qh4+ Kg8 51. Bf6 1/2-1/2

[Event "BL 9394 Castrop Rauxel-Solingen"]
[Site "?"]
[Date "1994.??.??"]
[Round "?.7"]
[White "Dueball, J."]
[Black "Dinstuhl, V."]
[Result "1/2-1/2"]
[WhiteElo "2400"]
[BlackElo "2365"]
[PlyCount "139"]
[EventDate "1994.??.??"]

1. e4 c5 2. Nf3 d6 3. d4 cxd4 4. Nxd4 Nf6 5. Nc3 a6 6. Be3 e6 7. f4 b5 8. a3
Bb7 9. Bd3 Nbd7 10. g4 Nc5 11. Qf3 d5 12. e5 Nfe4 13. Bxe4 Nxe4 14. Nce2 Qh4+
15. Ng3 Bc5 16. Rd1 Qe7 17. O-O O-O 18. Nb3 Bxe3+ 19. Qxe3 Rac8 20. c3 Qh4 21.
Nxe4 dxe4 22. g5 Rcd8 23. Nd4 Bd5 24. Qg3 Qh5 25. h3 Kh8 26. Qg4 Qg6 27. Rde1
Rfe8 28. Re3 f6 29. gxf6 gxf6 30. Qxg6 hxg6 31. Kh2 Rf8 32. Rg1 fxe5 33. fxe5
Rf2+ 34. Rg2 Rdf8 35. Kg3 Rf1 36. Rd2 Kg7 37. Rc2 Rg1+ 38. Kh2 Rg5 39. b3 Rc8
40. c4 bxc4 41. bxc4 Rxc4 42. Rxc4 Bxc4 43. Rxe4 Bd5 44. Re2 Kh6 45. Nc2 Bf3
46. Rf2 Rxe5 47. Rxf3 Re2+ 48. Kg3 Rxc2 49. Re3 Rc4 50. Rxe6 Rc3+ 51. Kg4 Rxa3
52. Rc6 Ra1 53. Rd6 a5 54. Ra6 Ra4+ 55. Kg3 Kg5 56. h4+ Kh6 57. Kf3 Kh5 58. Ke3
Ra1 59. Kf3 Rf1+ 60. Kg2 Rf5 61. Kg3 Rb5 62. Kf3 Rb3+ 63. Kf2 Ra3 64. Kg2 a4
65. Kf2 Ra1 66. Kf3 a3 67. Kg3 a2 68. Kg2 Kxh4 69. Ra4+ Kh5 70. Ra5+ 1/2-1/2

[Event "BL 9394 Castrop Rauxel-Solingen"]
[Site "?"]
[Date "1994.??.??"]
[Round "?.8"]
[White "Hille, RI."]
[Black "Schmidt, B."]
[Result "0-1"]
[WhiteElo "2275"]
[BlackElo "2340"]
[PlyCount "119"]
[EventDate "1994.??.??"]

1. d4 d5 2. g3 c6 3. Bg2 Bf5 4. Nf3 Nf6 5. O-O e6 6. c4 Be7 7. Nc3 h6 8. Qb3
Qb6 9. c5 Qxb3 10. axb3 Na6 11. Ne5 Nc7 12. b4 a6 13. f3 Bh7 14. Be3 O-O 15.
Bf2 Rad8 16. Rad1 Nd7 17. Nd3 Bxd3 18. Rxd3 e5 19. e4 dxe4 20. fxe4 exd4 21.
Bxd4 Ne6 22. Rfd1 Nxd4 23. Rxd4 Ne5 24. Rxd8 Rxd8 25. Rxd8+ Bxd8 26. Bh3 a5 27.
bxa5 Bxa5 28. Na4 Nc4 29. b3 Nd2 30. Bc8 Nxb3 31. Bxb7 Bb4 32. Bxc6 Bxc5+ 33.
Kg2 Bd4 34. Bd5 Nd2 35. g4 Kf8 36. h4 f6 37. Kg3 g5 38. hxg5 hxg5 39. Kg2 Ke7
40. Kg3 Kd6 41. Ba8 Ke5 42. Bc6 Nxe4+ 43. Kf3 Nd2+ 44. Ke2 Nc4 45. Kd3 Nd6 46.
Ba8 Ne8 47. Bb7 Nc7 48. Bc6 Nd5 49. Bb7 Nf4+ 50. Kc4 Nh3 51. Bc8 Nf2 52. Bf5
Nh3 53. Bc8 Ng1 54. Bb7 Ba1 55. Nc5 Kf4 56. Bc8 Nf3 57. Nd3+ Kg3 58. Kd5 Nh2
59. Nc1 Nxg4 60. Ke4 {Zeit} 0-1

[Event "BL 9394 Bochum-Dortmund"]
[Site "?"]
[Date "1994.??.??"]
[Round "?.1"]
[White "Beckhuis, G."]
[Black "Dokhoian, Y."]
[Result "0-1"]
[WhiteElo "2195"]
[BlackElo "2570"]
[PlyCount "70"]
[EventDate "1994.??.??"]

1. Nf3 Nf6 2. g3 d5 3. Bg2 c5 4. O-O Nc6 5. d3 e5 6. e4 Be7 7. Nc3 d4 8. Ne2
Nd7 9. a4 Nf8 10. c3 Ng6 11. Ne1 O-O 12. Kh1 Kh8 13. Bd2 Bg4 14. h3 Be6 15. h4
Bd6 16. h5 Nge7 17. f4 f5 18. cxd4 cxd4 19. h6 g6 20. Nf3 fxe4 21. dxe4 Bg4 22.
Qb3 Qd7 23. Ng5 Ng8 24. fxe5 Nxe5 25. Nxd4 Nxh6 26. Bc3 Rae8 27. Nb5 Bb8 28.
Qd5 Qe7 29. Nf3 Bxf3 30. Bxf3 Rd8 31. Qb3 Qg5 32. Bg2 Nhg4 33. Rf7 Qh6+ 34. Kg1
Rxf7 35. Qxf7 Rf8 0-1

[Event "BL 9394 Bochum-Dortmund"]
[Site "?"]
[Date "1994.??.??"]
[Round "?.2"]
[White "Glek, I."]
[Black "Mainka, G."]
[Result "1-0"]
[WhiteElo "2590"]
[BlackElo "2385"]
[PlyCount "61"]
[EventDate "1994.??.??"]

1. e4 e5 2. Nf3 Nc6 3. Nc3 Nf6 4. g3 d5 5. exd5 Nxd5 6. Bg2 Nxc3 7. bxc3 Bd6 8.
O-O O-O 9. Rb1 Rb8 10. d4 exd4 11. cxd4 Bg4 12. h3 Bh5 13. Rb5 Bg6 14. Nh4 Bxc2
15. Qxc2 Nxd4 16. Qc4 Nxb5 17. Qxb5 c6 18. Qa4 Qb6 19. Nf5 Qb4 20. Qc2 Be5 21.
Be3 Rfe8 22. Rb1 Qa5 23. Bd2 Qc7 24. Rb4 Rbd8 25. Bg5 Rc8 26. Rh4 f6 27. Be3
Rcd8 28. Nxg7 Qxg7 29. Rg4 Qxg4 30. hxg4 Kg7 31. Bxa7 1-0

[Event "BL 9394 Bochum-Dortmund"]
[Site "?"]
[Date "1994.??.??"]
[Round "?.3"]
[White "Kalka, A."]
[Black "Schulz, KJ."]
[Result "1/2-1/2"]
[WhiteElo "2345"]
[BlackElo "2420"]
[PlyCount "36"]
[EventDate "1994.??.??"]

1. e4 c5 2. Nf3 e6 3. d4 cxd4 4. Nxd4 Nf6 5. Nc3 d6 6. g4 h6 7. g5 hxg5 8. Bxg5
Nc6 9. Qd2 a6 10. h4 Qb6 11. Nb3 Qc7 12. O-O-O b5 13. a3 Bb7 14. f4 O-O-O 15.
Be2 Be7 16. Bf3 Kb8 17. Kb1 Rc8 18. h5 Rhd8 1/2-1/2

[Event "BL 9394 Bochum-Dortmund"]
[Site "?"]
[Date "1994.??.??"]
[Round "?.4"]
[White "Backwinkel, P."]
[Black "Lingnau, C."]
[Result "1/2-1/2"]
[WhiteElo "2410"]
[BlackElo "2395"]
[PlyCount "57"]
[EventDate "1994.??.??"]

1. d4 Nf6 2. Nf3 g6 3. Bf4 Bg7 4. h3 O-O 5. e3 d6 6. Be2 c5 7. c3 Nc6 8. dxc5
dxc5 9. Qxd8 Rxd8 10. Bc7 Rf8 11. Nbd2 h6 12. O-O Be6 13. a4 Rac8 14. Bh2 Rfd8
15. a5 Nd7 16. Bc4 Bxc4 17. Nxc4 Nf6 18. Nfd2 Nd7 19. Nf3 Nf6 20. Rfd1 Ne4 21.
Ne1 Kf8 22. f3 Nf6 23. Nd3 Nd7 24. Kf1 Ra8 25. Ke2 Ke8 26. e4 Rdc8 27. Bg1 b5
28. axb6 axb6 29. Na3 1/2-1/2

[Event "BL 9394 Bochum-Dortmund"]
[Site "?"]
[Date "1994.??.??"]
[Round "?.5"]
[White "Buecker, S."]
[Black "Jackelen, T."]
[Result "0-1"]
[WhiteElo "2335"]
[BlackElo "2425"]
[PlyCount "80"]
[EventDate "1994.??.??"]

1. e4 d5 2. exd5 Qxd5 3. Nc3 Qa5 4. Bc4 Nf6 5. d4 Bg4 6. f3 Bf5 7. Nge2 Nc6 8.
Bd2 O-O-O 9. Nb5 Qb6 10. a4 a5 11. g4 Bg6 12. h4 h6 13. h5 Bh7 14. c3 e5 15.
Qb3 exd4 16. Bxf7 dxc3 17. bxc3 Ne5 18. Qe6+ Qxe6 19. Bxe6+ Kb8 20. Ned4 Nd3+
21. Ke2 c6 22. Na3 Bxa3 23. Rxa3 Rhe8 24. Be3 c5 25. Bc4 cxd4 26. cxd4 Nb4 27.
Kd2 Ka8 28. Rc1 Rc8 29. Rac3 Red8 30. Be6 Rxc3 31. Rxc3 Nfd5 32. Rc5 b6 33. Rc1
Nxe3 34. Kxe3 Re8 35. d5 Nxd5+ 36. Kd4 Nf4 37. Bc4 Kb7 38. Bb5 Ne2+ 39. Bxe2
Rxe2 40. Rc3 Re7 0-1

[Event "BL 9394 Bochum-Dortmund"]
[Site "?"]
[Date "1994.??.??"]
[Round "?.6"]
[White "Luecke, N."]
[Black "Seger, R."]
[Result "1/2-1/2"]
[WhiteElo "2410"]
[BlackElo "2350"]
[PlyCount "42"]
[EventDate "1994.??.??"]

1. e4 c6 2. d4 d5 3. Nd2 dxe4 4. Nxe4 Bf5 5. Ng3 Bg6 6. h4 h6 7. Nf3 Nd7 8. h5
Bh7 9. Bd3 Bxd3 10. Qxd3 Qc7 11. Bd2 Ngf6 12. O-O-O O-O-O 13. Ne4 e6 14. g3
Nxe4 15. Qxe4 Bd6 16. c4 c5 17. Bc3 cxd4 18. Nxd4 Nc5 19. Qc2 a6 20. Rhe1 Be7
21. b4 Nd7 1/2-1/2

[Event "BL 9394 Bochum-Dortmund"]
[Site "?"]
[Date "1994.??.??"]
[Round "?.7"]
[White "Straeter, T."]
[Black "Sonntag, HH."]
[Result "0-1"]
[WhiteElo "2365"]
[BlackElo "2405"]
[PlyCount "74"]
[EventDate "1994.??.??"]

1. d4 Nf6 2. Nf3 e6 3. e3 d5 4. Bd3 c5 5. b3 Nc6 6. Bb2 Be7 7. O-O O-O 8. Nbd2
b6 9. Ne5 Bb7 10. f4 Nb4 11. Be2 Ne8 12. a3 Nc6 13. Bd3 f5 14. g4 Nd6 15. dxc5
bxc5 16. c4 Nxe5 17. Bxe5 Bf6 18. b4 Bxe5 19. fxe5 Nf7 20. Be2 Nxe5 21. bxc5
Qg5 22. Rf4 fxg4 23. Rb1 Bc6 24. cxd5 Nf3+ 25. Kh1 Qxd5 26. Nxf3 Rxf4 27. Qxd5
Bxd5 28. exf4 gxf3 29. Bf1 Rc8 30. Rc1 f2+ 31. Bg2 Rxc5 32. Rf1 Rc2 33. Bxd5
exd5 34. Kg2 Ra2 35. Rd1 Rxa3 36. Rxd5 Rf3 37. Kf1 Rxf4 0-1

[Event "BL 9394 Bochum-Dortmund"]
[Site "?"]
[Date "1994.??.??"]
[Round "?.8"]
[White "Kassebaum, R."]
[Black "Gabler, B."]
[Result "1-0"]
[WhiteElo "2355"]
[BlackElo "2315"]
[PlyCount "57"]
[EventDate "1994.??.??"]

1. e4 c5 2. Nf3 e6 3. Nc3 a6 4. d4 cxd4 5. Nxd4 Qc7 6. g3 Bb4 7. Nde2 Be7 8.
Bg2 Nf6 9. O-O O-O 10. b3 Nc6 11. Bb2 Rd8 12. Nf4 d6 13. Qe2 b5 14. Rad1 Bb7
15. Rfe1 Rac8 16. g4 b4 17. Ncd5 exd5 18. g5 Nd7 19. Nxd5 Qa5 20. Qh5 Nf8 21.
Rd3 Re8 22. Rf3 Ng6 23. Rh3 Nf8 24. Rf3 Ng6 25. Rh3 Nf8 26. Bxg7 Kxg7 27. Qh6+
Kh8 28. Nf6 Qe5 29. Qxh7+ 1-0

[Event "BL 9394 München 36-Koblenz"]
[Site "?"]
[Date "1994.??.??"]
[Round "?.2"]
[White "Stohl, I."]
[Black "Seul, G."]
[Result "1-0"]
[WhiteElo "2560"]
[BlackElo "2425"]
[PlyCount "79"]
[EventDate "1994.??.??"]

1. d4 d5 2. c4 c6 3. Nc3 Nf6 4. e3 g6 5. Nf3 Bg7 6. Be2 O-O 7. O-O Bg4 8. cxd5
cxd5 9. Qb3 b6 10. h3 Bxf3 11. Bxf3 e6 12. Bd2 Nc6 13. Be2 Na5 14. Qb4 Re8 15.
Ba6 e5 16. dxe5 Nc6 17. Qa4 Nxe5 18. Rfd1 Qe7 19. Be1 Red8 20. Rac1 Rab8 21.
Be2 Rbc8 22. Nxd5 Nxd5 23. Rxc8 Rxc8 24. Rxd5 Rc1 25. Rd1 Rxd1 26. Qxd1 h5 27.
Qc2 Qe6 28. b4 Qd5 29. a4 Kh7 30. Kf1 Qd6 31. Qe4 f5 32. Qb7 Nd7 33. Qxa7 Kh6
34. Kg1 Qc6 35. Bf1 Qc1 36. Qxd7 Qxe1 37. Qd6 Qa1 38. Qxb6 Qxa4 39. b5 f4 40.
Qe6 {Zeit} 1-0

[Event "BL 9394 München 36-Koblenz"]
[Site "?"]
[Date "1994.??.??"]
[Round "?.3"]
[White "Reschke, S."]
[Black "Hodgson, JM."]
[Result "0-1"]
[WhiteElo "2390"]
[BlackElo "2570"]
[PlyCount "54"]
[EventDate "1994.??.??"]

1. Nf3 d5 2. c4 d4 3. e3 Nc6 4. exd4 Nxd4 5. Nxd4 Qxd4 6. Nc3 e5 7. d3 Ne7 8.
Be3 Qd6 9. Qd2 Nf5 10. Be2 Be7 11. O-O O-O 12. Nd5 Bd8 13. b4 c6 14. Bc5 Qg6
15. Ne3 Re8 16. Nxf5 Bxf5 17. Rfe1 Bc7 18. Rad1 h5 19. a4 h4 20. Be3 Rad8 21.
Kh1 h3 22. g3 Bxd3 23. Bxd3 e4 24. Bf4 Bxf4 25. Qxf4 exd3 26. Re3 Rxe3 27. Qxe3
Qg4 0-1

[Event "BL 9394 München 36-Koblenz"]
[Site "?"]
[Date "1994.??.??"]
[Round "?.4"]
[White "Klundt, K."]
[Black "Fritsche, L."]
[Result "0-1"]
[WhiteElo "2380"]
[BlackElo "2375"]
[PlyCount "84"]
[EventDate "1994.??.??"]

1. e4 d6 2. d4 Nf6 3. Nc3 g6 4. Nf3 Bg7 5. Be2 a6 6. O-O O-O 7. Re1 b6 8. e5
Ne8 9. Bg5 Bb7 10. Bd3 f6 11. exf6 exf6 12. Bf4 d5 13. Qe2 Qd7 14. Nh4 f5 15.
Nf3 Nc6 16. Nxd5 Nxd4 17. Nxd4 Bxd5 18. c3 Nd6 19. Bxd6 Qxd6 20. Bxa6 Bf7 21.
Nf3 Rfe8 22. Qf1 Qc5 23. a3 c6 24. Bd3 Bd5 25. Rxe8+ Rxe8 26. Re1 Rd8 27. Ng5
b5 28. Qe2 Qd6 29. Rd1 Bf6 30. Nf3 Kg7 31. Bc2 Qf4 32. Nd4 Kf7 33. g3 Qd6 34.
Nxb5 cxb5 35. Qxb5 Qe6 36. Rxd5 Rxd5 37. Qb7+ Rd7 38. Qb8 Qe1+ 39. Kg2 Rd2 40.
Bb3+ Kg7 41. Qc7+ Be7 42. h4 Qxf2+ 0-1